000 00959nam a2200229Ii 4500
003 JO-AjNU
008 230605s9999||||xx |||||||||||||| ||und||
017 _a2015/2/626
020 _a978-9957-484-50-7
040 _aJO-AjNU
_bara
_erda
_cJO-AjNU
041 _aara
050 1 4 _aHV6433.I722. A28 2015
100 3 _aابو هنية، حسن، م.مشارك: محمد ابو رمان,
_eauthor
_956685
245 0 0 _aتنظيم الدولة الإسلامية : الازمة السنية والصراع على الجهادية العالمية
250 _aط2
264 3 1 _aعمان: مؤسسة فريدرش اييرت، 2015
300 _a272ص
_bيحتوي على ببلوغرافية من 255-272ص
336 _atext
_btxt
_2rdacontent
337 _aunmediated
_bn
_2rdamedia
338 _avolume
_bnc
_2rdacarrier
650 4 _aتنظيمات- الأصولية الإسلامية - الجوانب السياسية - الشرق الأوسط
_956686
999 _aA25358
_c28926
_d28926